[Event "AUTO-OPEN-3435"]
[Site "http://www.queenalice.com/game.php?id=1341384"]
[Date "2015.2.13"]
[Round "1"]
[White "amgoncal"]
[Black "Thanasis"]
[Result "0-1"]
[WhiteElo "1171"]
[BlackElo "1610"]

1. e4 c5 2. d4 cxd4 3. Qxd4 Nc6 4. Qa4 Nf6 5. f4 e5 6. b4 Bxb4+ 7. c3 Ba5 8.
fxe5 b5 9. Qxb5 Nxe4 10. Qd5 Nxc3 11. Bg5 Qxg5 12. Nf3 Nxb1+ 13. Ke2 Nc3+ 14.
Kd3 Qf5+ 15. Kc4 Ba6+ 16. Kb3 Nxd5 17. Bxa6 Rb8+ 18. Kc4 Ne3+ 19. Kc5 Bb4# 0-1

[Event "AUTO-OPEN-3435"]
[Site "http://www.queenalice.com/game.php?id=1341413"]
[Date "2015.2.13"]
[Round "1"]
[White "amgoncal"]
[Black "guy92"]
[Result "0-1"]
[WhiteElo "1350"]
[BlackElo "1922"]

1. e4 e5 2. d4 exd4 3. Qxd4 Nc6 4. Qa4 Bc5 5. Nf3 Nf6 6. a3 O-O 7. b4 Bb6 8. b5
Ne5 9. Nxe5 Re8 10. Be2 Rxe5 11. Bf4 Rxe4 12. Qxe4 Nxe4 13. Be3 Bxe3 14. fxe3
Qf6 15. Bf3 Qxa1 16. O-O Qe5 17. c4 Rb8 18. Rd1 Nc3 19. Nxc3 Qxe3+ 20. Kf1 Qxc3
21. h4 Qxc4+ 22. Be2 Qxh4 23. Bf3 d6 24. Ke2 Bg4 25. Rg1 Re8+ 26. Kd3 Qg3 27.
Kd4 Bxf3 28. Kc4 Qf4+ 29. Kc3 Re3+ 30. Kc2 Qc4+ 31. Kd2 Qc3# 0-1

[Event "AUTO-OPEN-3435"]
[Site "http://www.queenalice.com/game.php?id=1341414"]
[Date "2015.2.13"]
[Round "1"]
[White "guy92"]
[Black "amgoncal"]
[Result "1-0"]
[WhiteElo "1917"]
[BlackElo "1342"]

1. d4 d5 2. c4 Bf5 3. Nc3 dxc4 4. e4 Bg6 5. Bxc4 e5 6. Qa4+ c6 7. dxe5 b5 8.
Nxb5 Qd7 9. Nc3 Ne7 10. Be3 f5 11. Rd1 f4 12. Rxd7 Nxd7 13. Bxf4 Nc5 14. Qc2 h5
15. b4 Nb7 16. Nf3 c5 17. Qa4+ Kd8 18. Be6 Bf5 19. Qd7# 1-0

[Event "AUTO-OPEN-3435"]
[Site "http://www.queenalice.com/game.php?id=1341415"]
[Date "2015.2.13"]
[Round "1"]
[White "amgoncal"]
[Black "Narizinho"]
[Result "0-1"]
[WhiteElo "1199"]
[BlackElo "1346"]

1. e4 e5 2. d4 exd4 3. a3 Nc6 4. b4 Nf6 5. c4 Be7 6. b5 Na5 7. Qxd4 O-O 8. Be2
c6 9. Nd2 cxb5 10. e5 Nh5 11. Bxh5 bxc4 12. Nxc4 Nxc4 13. Qxc4 d6 14. Bf4 Bd7
15. exd6 Bxd6 16. Bxd6 Re8+ 17. Ne2 b6 0-1

[Event "AUTO-OPEN-3435"]
[Site "http://www.queenalice.com/game.php?id=1341416"]
[Date "2015.2.13"]
[Round "1"]
[White "Narizinho"]
[Black "amgoncal"]
[Result "1-0"]
[WhiteElo "1356"]
[BlackElo "1189"]

1. e4 d5 2. exd5 Qxd5 3. Nc3 Qa5 4. Nf3 b5 5. Be2 b4 6. Ne4 f5 7. Neg5 h6 8. Nh3
g5 9. O-O e5 10. c3 Nf6 11. cxb4 Qxb4 12. Bd3 e4 13. Bxe4 Qxe4 14. b3 Nc6 15.
Bb2 Nh5 16. d3 Qe6 17. d4 1-0

[Event "AUTO-INT-2957"]
[Site "http://www.queenalice.com/game.php?id=1341581"]
[Date "2015.2.14"]
[Round "1"]
[White "tomcapp"]
[Black "amgoncal"]
[Result "1-0"]
[WhiteElo "1341"]
[BlackElo "1115"]

1. e4 d5 2. e5 g5 3. d4 Bh6 4. Nc3 f6 5. exf6 Nxf6 6. Bd3 Nc6 7. Nf3 g4 8. Bxh6
gxf3 9. Qxf3 Bg4 10. Qf4 Qd6 11. Qxd6 cxd6 12. a3 Nxd4 13. O-O a6 14. b4 e5 15.
a4 e4 16. Nxd5 Nxd5 17. c3 Nb3 18. Rae1 O-O-O 19. Rxe4 Nxc3 20. Rc4+ Kb8 21. Bg7
Rhg8 22. Bxc3 b5 23. axb5 d5 24. Be5+ Kb7 25. bxa6+ Kxa6 26. Rc3+ Kb6 27. h3 Bf3
28. g3 h5 29. Bd4+ 1-0

[Event "AUTO-INT-2957"]
[Site "http://www.queenalice.com/game.php?id=1341582"]
[Date "2015.2.14"]
[Round "1"]
[White "amgoncal"]
[Black "tomcapp"]
[Result "0-1"]
[WhiteElo "1180"]
[BlackElo "1349"]

1. e4 e5 2. d4 exd4 3. Qxd4 d6 4. e5 d5 5. Nc3 Be6 6. f4 Nc6 7. Qa4 Ne7 8. b4 a6
9. b5 Na7 10. b6+ Qd7 11. Nf3 Nac6 12. Be3 d4 13. Bxd4 Nxd4 14. Nxd4 c6 15. g4
g6 16. Bb5 cxb5 17. Ncxb5 a5 18. Nc7+ Kd8 19. Nxa8 Qxa4 20. O-O Nd5 21. f5 gxf5
22. Nc7 Qxd4+ 23. Kg2 Qxe5 24. Rxf5 Ne3+ 25. Kf2 Bxf5 26. gxf5 Qf4+ 27. Kg1 Rg8+
28. Kh1 Qf3# 0-1

[Event "AUTO-INT-2957"]
[Site "http://www.queenalice.com/game.php?id=1341597"]
[Date "2015.2.14"]
[Round "1"]
[White "NickThorp"]
[Black "amgoncal"]
[Result "1-0"]
[WhiteElo "1639"]
[BlackElo "1326"]

1. e4 d5 2. exd5 Qxd5 3. Nf3 e5 4. Nc3 Qa5 5. d3 b5 6. Nxe5 Bd6 7. Nf3 b4 8. Ne4
f5 9. Nxd6+ cxd6 10. Qe2+ Ne7 11. Bd2 O-O 12. c3 b3 13. Qxe7 Qd8 14. Qxd8 Rxd8
15. axb3 a5 16. c4 Ra7 17. Bxa5 Nc6 18. Bxd8 Rxa1+ 19. Ke2 Nxd8 20. Nd4 Nf7 21.
Kf3 g5 22. h3 Ne5+ 23. Ke2 f4 24. f3 h5 25. g4 h4 26. Bg2 Ra2 27. Rb1 Ba6 28.
Ne6 Nf7 29. d4 Ra3 30. bxa3 1-0

[Event "AUTO-INT-2957"]
[Site "http://www.queenalice.com/game.php?id=1341598"]
[Date "2015.2.14"]
[Round "1"]
[White "amgoncal"]
[Black "NickThorp"]
[Result "0-1"]
[WhiteElo "1346"]
[BlackElo "1665"]

1. e4 e5 2. d4 exd4 3. Qxd4 Nc6 4. Qd5 Nf6 5. Bg5 Be7 6. e5 Nxd5 7. f4 Bxg5 8.
fxg5 Qxg5 9. Nf3 Qc1+ 10. Ke2 Qxb2 0-1

[Event "AUTO-INT-2957"]
[Site "http://www.queenalice.com/game.php?id=1341607"]
[Date "2015.2.14"]
[Round "1"]
[White "JoseHenrique"]
[Black "amgoncal"]
[Result "1-0"]
[WhiteElo "1738"]
[BlackElo "1335"]

1. d4 d5 2. Nf3 Bg4 3. e3 Nf6 4. Be2 e6 5. Ne5 Ne4 6. Bxg4 f5 7. Bf3 Bd6 8. Bd2
g5 9. Bh5+ Ke7 10. Nf7 Qe8 11. Nxh8 Qxh8 12. Nc3 c5 13. Nxe4 dxe4 14. Bc3 e5 15.
dxe5 Bxe5 16. Bxe5 Qxe5 17. O-O g4 18. b3 Nc6 19. c4 a5 20. Qd2 f4 21. Bxg4 f3
22. Qd7+ Kf6 23. g3 Rd8 24. Qxb7 Nb4 25. a3 Nd3 26. Qxh7 Kg5 27. Qh5+ Kf6 28.
Qxe5+ Nxe5 29. Bh5 Kg5 30. g4 Kh4 31. Rad1 Rg8 32. Rd5 Nxg4 33. Kh1 Kh3 34.
Bxg4+ Rxg4 35. Rh5+ Rh4 36. Rxh4+ Kxh4 37. Rg1 a4 38. bxa4 Kh3 39. a5 Kh4 40. a6
1-0

[Event "AUTO-INT-2957"]
[Site "http://www.queenalice.com/game.php?id=1341608"]
[Date "2015.2.14"]
[Round "1"]
[White "amgoncal"]
[Black "JoseHenrique"]
[Result "0-1"]
[WhiteElo "1348"]
[BlackElo "1722"]

1. e4 c5 2. d4 cxd4 3. c4 dxc3 4. Nxc3 e5 5. Nf3 Nc6 6. Bb5 Qc7 7. Nd5 Qd8 8. g4
Nb4 9. a3 Nxd5 10. Qxd5 f6 11. g5 Ne7 12. Qc4 a6 13. Ba4 b5 14. Qb3 bxa4 15.
Qxa4 Nc6 16. b4 Bb7 17. b5 axb5 18. Qxb5 Ba6 19. Qd5 Rb8 20. h4 Rb5 21. Qd2 Be7
22. h5 fxg5 23. h6 g6 24. Qd3 g4 25. Nh4 Bxh4 26. a4 Rb6 27. Qd5 Qf6 28. a5
Qxf2+ 29. Kd1 Qe2# 0-1

[Event "AUTO-INT-2958"]
[Site "http://www.queenalice.com/game.php?id=1341900"]
[Date "2015.2.15"]
[Round "1"]
[White "alfonso"]
[Black "amgoncal"]
[Result "1-0"]
[WhiteElo "1535"]
[BlackElo "1343"]

1. e4 d5 2. d3 e5 3. Nf3 d4 4. Nxe5 f5 5. Nf3 c5 6. Bg5 Be7 7. Qd2 h6 8. Bf4 g5
9. Be5 g4 10. Ng1 b5 11. Na3 Bd6 12. Bxh8 Nf6 13. Qxh6 Bf8 14. Qg6+ Ke7 15.
Bxf6+ 1-0

[Event "AUTO-INT-2958"]
[Site "http://www.queenalice.com/game.php?id=1341901"]
[Date "2015.2.15"]
[Round "1"]
[White "amgoncal"]
[Black "alfonso"]
[Result "0-1"]
[WhiteElo "1339"]
[BlackElo "1524"]

1. e4 e5 2. d4 f6 3. d5 Bc5 4. f4 d6 5. fxe5 fxe5 6. Nf3 h6 7. h4 Nf6 8. Nc3 Ng4
9. a3 Nf2 10. Ng5 Nxd1 11. Nxd1 hxg5 12. h5 a6 13. b4 Bd4 14. c3 Bb6 15. b5 Qf6
16. Be3 c5 17. Nf2 axb5 18. c4 Ba5+ 19. Bd2 b4 20. O-O-O bxa3 21. Bxa5 Rxa5 22.
Rd2 Qf4 23. Kc2 a2 24. g3 Qxg3 25. Nh3 a1=Q 26. Rd3 Qa2+ 27. Kc3 Ra3# 0-1

[Event "AUTO-INT-2958"]
[Site "http://www.queenalice.com/game.php?id=1341914"]
[Date "2015.2.15"]
[Round "1"]
[White "amgoncal"]
[Black "mitchelli3131"]
[Result "0-1"]
[WhiteElo "1106"]
[BlackElo "1465"]

1. e4 e5 2. d4 exd4 3. Qxd4 Nc6 4. Qa4 a6 5. c4 Nd4 6. Be3 c5 7. Bxd4 cxd4 8. b4
Nf6 9. Nd2 Bd6 10. Bd3 Ng4 11. b5 Qf6 12. Ndf3 O-O 13. c5 Be7 14. Qxd4 Qxd4 15.
Nxd4 Bh4 16. Nh3 axb5 17. g3 Bf6 18. O-O-O Bxd4 19. Rd2 Bxc5 20. Bxb5 Ra3 21.
Kb2 Ne5 22. Bxd7 Nd3+ 23. Kb1 Bxd7 24. Nf4 Nb4 25. Rxd7 g5 26. Nh5 Rxa2 27. h4
g4 28. Nf6+ Kg7 29. Nxg4 Re8 30. e5 h5 0-1

[Event "AUTO-INT-2958"]
[Site "http://www.queenalice.com/game.php?id=1341915"]
[Date "2015.2.15"]
[Round "1"]
[White "mitchelli3131"]
[Black "amgoncal"]
[Result "1-0"]
[WhiteElo "1455"]
[BlackElo "1134"]

1. e4 d5 2. e5 f5 3. Bb5+ Nc6 4. Nf3 Bd7 5. Nc3 Nb4 6. Nd4 c6 7. Bd3 a5 8. Bxf5
e6 9. Bg4 Nf6 10. Bxe6 h5 11. Bxd7+ Qxd7 12. exf6 gxf6 13. a3 c5 14. Ndb5 d4 15.
Ne4 Qxb5 16. axb4 c4 17. d3 O-O-O 18. Bd2 cxd3 19. Rxa5 dxc2 20. Qxc2+ Kb8 21.
Rxb5 d3 22. Qc4 Bd6 23. Nxd6 Rxd6 24. Qf4 Re8+ 25. Kf1 Kc7 26. Rd5 Re5 27. Rxe5
fxe5 28. Qf7+ Rd7 29. Qxh5 e4 30. Bf4+ Kb6 31. Qc5+ Ka6 32. Qa5# 1-0

[Event "AUTO-INT-2958"]
[Site "http://www.queenalice.com/game.php?id=1341916"]
[Date "2015.2.15"]
[Round "1"]
[White "amgoncal"]
[Black "Zodiac"]
[Result "0-1"]
[WhiteElo "1295"]
[BlackElo "1741"]

1. e4 e5 2. d4 exd4 3. Qxd4 Nc6 4. Qc4 Ne5 5. Qd4 d6 6. b4 Be7 7. f4 Nc6 8. Qd5
Nxb4 9. Qc4 a5 10. a3 Be6 11. Qb5+ c6 12. Qe2 Na6 13. c4 Nc5 14. Nd2 Nf6 15. f5
Bd7 16. g4 h6 17. Nh3 Qc7 18. g5 hxg5 19. Nxg5 d5 20. e5 Nh7 21. Ndf3 Bxf5 22.
Bh3 Bxh3 23. Nxh3 f6 0-1

[Event "AUTO-INT-2958"]
[Site "http://www.queenalice.com/game.php?id=1341917"]
[Date "2015.2.15"]
[Round "1"]
[White "Zodiac"]
[Black "amgoncal"]
[Result "1-0"]
[WhiteElo "1632"]
[BlackElo "1323"]

1. e4 d5 2. exd5 Qxd5 3. Nc3 Qd4 4. Nf3 Qf6 5. Be2 Nc6 6. Nd5 Qf5 7. Nxc7+ Kd7
8. Nxa8 e5 9. d3 Nd4 10. Nxd4 exd4 11. Bg4 Qxg4 12. Qxg4+ Kd8 13. Qxd4+ Ke8 14.
Nc7+ Ke7 15. Bg5+ f6 16. Bf4 g5 17. Bd6+ Kf7 18. Qd5+ Kg6 19. Qe4+ f5 20. Qe8+
1-0

[Event "Challenge"]
[Site "http://www.queenalice.com/game.php?id=1342442"]
[Date "2015.2.19"]
[Round "-"]
[White "masam2014"]
[Black "amgoncal"]
[Result "1-0"]
[WhiteElo "1680"]
[BlackElo "1293"]

1. d4 d5 2. c4 dxc4 3. e4 Nf6 4. Nc3 e5 5. dxe5 Ng4 6. Qxd8+ Kxd8 7. Bxc4 Bc5 8.
Nh3 Nc6 9. Bxf7 Bd7 10. O-O Ncxe5 11. Bg5+ Nf6 12. Nd5 h6 13. Bxf6+ gxf6 14. Bh5
c6 15. Nxf6 Ke7 16. Nxd7 Kxd7 17. Rad1+ Kc7 18. Nf4 Rad8 19. Ne6+ 1-0

[Event "Challenge"]
[Site "http://www.queenalice.com/game.php?id=1342443"]
[Date "2015.2.19"]
[Round "-"]
[White "amgoncal"]
[Black "masam2014"]
[Result "0-1"]
[WhiteElo "1291"]
[BlackElo "1682"]

1. e4 e5 2. d4 exd4 3. Qxd4 Nc6 4. Qe3 Qf6 5. c3 Bd6 6. b4 Bxb4 7. a3 Ba5 8. Bb5
Nge7 9. Nf3 O-O 10. e5 Qg6 11. Nh4 Qh5 12. Nf3 Bb6 13. Qg5 Qxg5 14. Nxg5 f6 15.
f4 fxg5 16. Bc4+ Kh8 17. fxg5 Nxe5 0-1